01322naa a22003257a 4500001001000000003000900010005001700019007000300036008003400039040005400073041000900127072002600136090001800162100002000180100001900200111007800219245013900297260003600436500010600472650002800578650002900606650001300635650001400648650001400662773010300676909003600779942001400815999001900829952014800848BR7405038BR-BrBNA20240918173559.0ta230509b bl.||||| |||| 00| 0 por d aBR-BrBNAbporcBiblioteca Nacional de Agricultura a(Pt) aK20b3140b3240bG514 aK20 BR74050381 aSerra Filho, R.1 aChiarini, J.V.1 a2. Congresso Florestal BrasileirocCuritiba, Pr (Brazil)d17 Sep Sep 19731 aCobertura vegetal do estado de Sao Paulo, avaliacao volumetrica das florestas de Pinus e Eucalyptus [reconhecimento florestal, Brasil]3 aCuritiba, PR (Brasil): c1974.  aAnais do 2. Congresso Florestal Brasileiro Curitiba, PR (Brasil): 1974. p. 181-182 (BR7405038-AM)K20  aADMINISTRACAO FLORESTAL aRECONHECIMENTO FLORESTAL aPINHEIRO aEUCALIPTO aSAO PAULO0 tAnais do 2. Congresso Florestal BrasileirowK20 BR7405038gCuritiba, PR (Brasil), 1974. p. 181-182 a202404bLuciac55dLucia Elande cAM2AGRIS c305550d305550 002AGRIS40708Acervo Gerala41918b41918cAgrobasel0oK00 BR7404988r2024-05-20t01yAM10d2024-04-11ePortaria Interministerial nÂș 164/94